| 000 | 00340nam a2200133Ia 4500 | ||
|---|---|---|---|
| 008 | 150201s2009 xx 000 0 und d | ||
| 082 |
_a610.7 _bC09M |
||
| 100 | _aMcPHERSON,RICHARD A | ||
| 245 | _aHENRY'S CLINICAL DIAGNOSIS&MGT.BY LABORATORY | ||
| 250 | _a21ST | ||
| 260 |
_bELSEVIER _aDELHI _c2009 |
||
| 650 | _aPATHOLOGY | ||
| 942 |
_2ddc _cBK |
||
| 999 |
_c1143 _d1143 |
||